Sklamaný košický divák Rub a líce zahraničného úspechu VŠD

Bibliographic Details
Main Authors: Paňáková, Ľudmila (Author), Fejko, Štefan, 1949- (Author)
Corporate Author: Východoslovenské národné divadlo (Author)
Format: Article
Language:Slovak
Subjects:

MARC

LEADER 00000nab a2200000 a 4500
001 vtls000898113
003 SK-MaSNL
005 20260303193956.0
008 040720e19980120xo 0 slo
035 |a KE7133 
040 |a KEVKJB  |b slo  |c KEVKJB  |e AACR2 
041 0 |a slo 
044 |a xo  |c SK 
080 |a 792  |2 1981 
100 1 |a Paňáková, Ľudmila  |4 aut  |9 873309 
245 1 0 |a Sklamaný košický divák  |b Rub a líce zahraničného úspechu VŠD 
610 2 7 |a Východoslovenské národné divadlo  |2 KEVKJB  |9 29592 
610 2 7 |a Divadlo Janka Borodáča  |2 KEVKJB  |9 232364 
650 0 7 |a divadlo  |2 KEVKJB  |9 3335 
650 0 7 |a repertoár divadelný  |2 KEVKJB  |9 1225749 
650 0 7 |a rozhovory  |2 KEVKJB  |9 453585 
651 7 |a Košice (Slovensko)  |2 KEVKJB  |9 18694 
651 7 |a KE,  |2 KEVKJB  |9 877256 
651 7 |a KE,  |2 KEVKJB  |9 877256 
655 7 |a periodikum  |2 snkbucl  |9 29553 
700 1 0 |a Fejko, Štefan,  |d 1949-  |4 aut  |9 120424 
710 2 |a Východoslovenské národné divadlo  |4 aut  |9 29592 
773 0 8 |t Košický večer  |g Roč. 9  |g Roč. 30, č.12, 20.1.1998, s. 5 
852 |a ZVYKNI  |b KIS3GCP 
999 |c 2155010  |d 2156940